Normal view
MARC view
- Networks
Entry Personal Name
001 - CONTROL NUMBER
- control field: 2373
003 - CONTROL NUMBER IDENTIFIER
- control field: OSt
005 - DATE AND TIME OF LATEST TRANSACTION
- control field: 20190710161012.0
008 - FIXED-LENGTH DATA ELEMENTS
- fixed length control field: 190710|| aca||aabn | a|a d
040 ## - CATALOGING SOURCE
- Original cataloging agency: OSt
- Transcribing agency: OSt
100 ## - HEADING--PERSONAL NAME
- Personal name: Networks
670 ## - SOURCE DATA FOUND
- Source citation: Work cat.: (OSt)237: Boylested , Robert L.. 2371, Introductory Circuit Analysis /, c2003.
